| 000 | 00000nam##2200000za#4500 |
| 001 | 9.572656 |
| 003 | CaOODSP |
| 005 | 20210624183325 |
| 007 | cr ||||||||||| |
| 008 | 150406|2001||||xxc|||||o f|0| 0 eng|d |
| 040 | |aCaOODSP|beng |
| 043 | |an-cn--- |
| 086 | 1 |aH113-3/2001-2E-PDF |
| 110 | 1 |aCanada. |bPest Management Regulatory Agency. |
| 245 | 10|aGuidelines for the registration of microbial pest control agents and products |h[electronic resource] |
| 260 | |aOttawa - Ontario : |bHealth Canada. |cMarch 30, 2001. |
| 300 | |a105p.|bfig., glossary, map, tables |
| 490 | 1 |aRegulatory directive |vDIR2001-02 |
| 504 | |aBibliography. |
| 590 | |a12-30-Supp|b2012-06-28 |
| 690 | 07|aPesticides|2gcpds |
| 690 | 07|aFungicides|2gcpds |
| 690 | 07|aChemical products|2gcpds |
| 690 | 07|aInsecticides|2gcpds |
| 775 | 08|tDirective sur l'homologation des agents antiparasitaires microbiens et de leurs produits |w(CaOODSP)9.602993 |
| 776 | 0#|tGuidelines for the registration of microbial pest control agents and products |w(CaOODSP)9.615617 |
| 830 | #0|aRegulatory directive ;|vDIR2001-02|w(CaOODSP)9.504458 |
| 856 | 40|ahttp://publications.gc.ca|qPDF|s486 KB|uhttps://publications.gc.ca/collections/Collection/H113-3-2001-2E.pdf|yDIR2001-02 |